BUBT Library Online Catalog

Working Capital Management : (Record no. 7273)

000 -LEADER
fixed length control field 00793nam a22002057a 4500
003 - CONTROL NUMBER IDENTIFIER
control field BUBTL
008 - FIXED-LENGTH DATA ELEMENTS--GENERAL INFORMATION
fixed length control field 240319b ||||| |||| 00| 0 eng d
082 ## - DEWEY DECIMAL CLASSIFICATION NUMBER
Classification number 332.0412/ B4697w/ 2023
100 ## - MAIN ENTRY--PERSONAL NAME
9 (RLIN) 5758
Personal name Bhattacharya, Hrishikes
245 ## - TITLE STATEMENT
Title Working Capital Management :
Remainder of title Strategies and Techniques /
Statement of responsibility, etc. Hrishikes Bhattacharya
250 ## - EDITION STATEMENT
Edition statement 4th ed.
260 ## - PUBLICATION, DISTRIBUTION, ETC. (IMPRINT)
Place of publication, distribution, etc. Delhi :
Name of publisher, distributor, etc. PHI Learning Private Limited
Date of publication, distribution, etc. c2023
300 ## - PHYSICAL DESCRIPTION
Extent xxiv, 569 p. :
Dimensions 24 cm
500 ## - GENERAL NOTE
General note Includes Index
505 ## - FORMATTED CONTENTS NOTE
Formatted contents note Working Capital: A Techno-Financial Analysis, Service Business: Risk Analysis and Working Capital Assessment, Theories of Trade Credit, Management of Accounts Receivable<br/><br/><br/> <br/>
650 #0 - SUBJECT ADDED ENTRY--TOPICAL TERM
9 (RLIN) 18
Topical term or geographic name as entry element Finance
856 ## - ELECTRONIC LOCATION AND ACCESS
Password 0
Logon 0
Link text Download
942 ## - ADDED ENTRY ELEMENTS (KOHA)
Source of classification or shelving scheme
Koha item type Books
Holdings
Withdrawn status Lost status Source of classification or shelving scheme Damaged status Not for loan Collection code Permanent location Current location Shelving location Date acquired Source of acquisition Inventory number Total Checkouts Full call number Barcode Date last seen Copy number Price effective from Koha item type
        Not For Loan Non-fiction Bangladesh University of Business and Technology Library Bangladesh University of Business and Technology Library Finance Stacks 01/24/2024 Purchase 29876   332.0412/ B4697w/ 2023 BUBTL-200329876 03/19/2024 C-1 03/19/2024 Books
        Not For Loan Non-fiction Bangladesh University of Business and Technology Library Bangladesh University of Business and Technology Library Finance Stacks 01/24/2024 Purchase 29877   332.0412/ B4697w/ 2023 BUBTL-200329877 03/19/2024 C-2 03/19/2024 Books

More Information About Library

Library Hours

  • Open: 9.00 am. to 9.00 pm.
  • Only Sunday: 9.00 am. to 6.00 pm.
  • Closed: Holiday

Contact to the University

Bangladesh University of Business and Technology Library

  • Mirpurl-2, 1216.
  • Phone:
  • Fax:
  • E-Mail: admin.library@bubt.edu.bd

Contact to the Library

Contact Person:

Md. Abdul Hakim Shah
Joint Librarian
PABX No:  113
Cell No: 01816332931
E-mail: official: admin.library@bubt.edu.bd
Personal: hakim.shah@bubt.edu.bd


BUBT Library

Copyright © 2021